Antropología Educativa (Record no. 41509)

MARC details
000 -LEADER
campo de control de longitud fija 00352nam a2200133Ia 4500
005 - FECHA Y HORA DE LA ÚLTIMA TRANSACCIÓN
campo de control 20251223000717.0
008 - DATOS DE LONGITUD FIJA--INFORMACIÓN GENERAL
campo de control de longitud fija 251222s9999||||xx |||||||||||||| ||spa||
082 ## - NÚMERO DE LA CLASIFICACIÓN DECIMAL DEWEY
Número de clasificación 301/V66
100 ## - ENTRADA PRINCIPAL--NOMBRE DE PERSONA
Nombre de persona Villlarán Rodrigo, Carmen Rosa
245 #0 - MENCIÓN DEL TÍTULO
Título Antropología Educativa
250 ## - MENCION DE EDICION
Mención de edición 1ra.ed.
264 ## - PRODUCCIÓN, PUBLICACIÓN, DISTRIBUCIÓN, FABRICACIÓN Y COPYRIGHT
Nombre del de productor, editor, distribuidor, fabricante Consorcio de Centros Educativos Católicos
942 ## - ELEMENTOS DE ENTRADA SECUNDARIOS (KOHA)
Tipo de ítem Koha Libros
Holdings
Estatus retirado Estado de pérdida Estado de daño No para préstamo Biblioteca de origen Biblioteca actual Ubicación en estantería Fecha de adquisición Total de préstamos Signatura topográfica completa Código de barras Visto por última vez Precio de reemplazo Tipo de ítem Koha
        Biblioteca de Postgrado Biblioteca de Postgrado Programa 23/12/2025   301/V66 0001609 23/12/2025 23/12/2025 Libros